Library of the University of Algiers 3
Ibrahim Sultan Cheibout
شعار جامعة الجزائر 3
مكتبة جامعة الجزائر 3
إبراهيم سلطان شيبوط

ترشيد وتحفيز الموظفين / (رقم التسجيلة. 46165)

تفاصيل مارك
000 -LEADER
fixed length control field 01027nam a2200241Ia 4500
003 - CONTROL NUMBER IDENTIFIER
control field Ost
005 - DATE AND TIME OF LATEST TRANSACTION
control field 20260507075743.0
008 - FIXED-LENGTH DATA ELEMENTS--GENERAL INFORMATION
fixed length control field 260507s9999||||xx |||||||||||||| ||und||
020 ## - INTERNATIONAL STANDARD BOOK NUMBER
International Standard Book Number 7803844092
040 ## - CATALOGING SOURCE
Transcribing agency fsecg
041 ## - LANGUAGE CODE
Language code of text/sound track or separate title ara
082 ## - DEWEY DECIMAL CLASSIFICATION NUMBER
Classification number 330
100 ## - MAIN ENTRY--PERSONAL NAME
Personal name كينان، كيت
Relator term مؤلف
245 #0 - TITLE STATEMENT
Title ترشيد وتحفيز الموظفين /
Statement of responsibility, etc. كيت كينان
260 ## - PUBLICATION, DISTRIBUTION, ETC.
Place of publication, distribution, etc. بيروت:
Name of publisher, distributor, etc. الدار العربية للعلوم,
Date of publication, distribution, etc. 1995
300 ## - PHYSICAL DESCRIPTION
Extent 61 صفحة؛
Other physical details إيضاحات ؛
Dimensions 22 سم
490 ## - SERIES STATEMENT
Series statement سلسلة الدليل الإداري
520 ## - SUMMARY, ETC.
Summary, etc. التحفيز- نظريات التحفيز- الحاجة الى وجود عامل التحفيز- تفهم الحاجات الاساسية- التخطيط للعمل- الحث على الإنجاز- الإبقاء على عامل التحفيز- موقفك من عامل التحفيز والتنشيط- نظريات التحفيز.
653 ## - INDEX TERM--UNCONTROLLED
Uncontrolled term الإدارة
653 ## - INDEX TERM--UNCONTROLLED
Uncontrolled term التحفيز
653 ## - INDEX TERM--UNCONTROLLED
Uncontrolled term الترشيد
942 ## - ADDED ENTRY ELEMENTS (KOHA)
Koha item type كتب
المقتنيات
Withdrawn status Lost status Source of classification or shelving scheme Damaged status Not for loan Home library Current library Date acquired Serial enumeration / chronology Inventory number Total checkouts Full call number Barcode Date last seen Price effective from Koha item type
    Library of Congress Classification   NOT LOAN / إعارة داخلية مكتبة كلية العلوم الإقتصادية والعلوم التجارية وعلوم التسيير مكتبة كلية العلوم الإقتصادية والعلوم التجارية وعلوم التسيير 07/05/2026 الطابق الأرضي 1322/1   أ/1322ن1 1322/1 07/05/2026 07/05/2026 كتب

موارد الويب المفتوحة


© University of Algiers 3 All Rights Reserved
|
Implemented by LECHELAH Riad